[Event "SVK Extraliga 2017-18"]
[Site "Slovakia"]
[Date "2017.09.30"]
[Round "1"]
[White "Zpevak, Pavel"]
[Black "Hausner, Ivan"]
[Result "1/2-1/2"]
[WhiteElo "2342"]
[BlackElo "2321"]
[Annotator "NA"]
[PlyCount "24"]
[EventDate "2017.09.30"]
[EventType "team-tourn"]
[EventCountry "SVK"]
[SourceTitle "playchess.com"]
[Source "ChessBase"]
[SourceQuality "1"]
[TimeControl "40/5400+30:1800+30"]

1. d4 {[%emt 0:00:00]} d6 {[%emt 0:00:10]} 2. Nf3 {[%emt 0:00:08]} Bg4 {[%emt 0:00:11]} 3. g3 {[%emt 0:01:40]} Bxf3 {[%emt 0:00:07]} 4. exf3 {[%emt 0:00:04]} d5 {[%emt 0:00:03]} 5. Bg2 {[%emt 0:01:35]} e6 {[%emt 0:00:08]} 6. O-O {[%emt 0:01:01]} Ne7 {[%emt 0:02:33]} 7. Qe2 {[%emt 0:04:26]} Nd7 {[%emt 0:01:47]} 8. f4 {[%emt 0:01:43]} g6 {[%emt 0:02:07]} 9. Nd2 {[%emt 0:02:42]} Bg7 {[%emt 0:00:10]} 10. Nf3 {[%emt 0:05:22]} O-O {[%emt 0:04:32]} 11. Be3 {[%emt 0:02:51]} c6 {[%emt 0:01:03]} 12. Rfd1 {[%emt 0:07:59]} Nf5 {[%emt 0:00:22]} 1/2-1/2

[Event "SVK Extraliga 2017-18"]
[Site "Slovakia"]
[Date "2017.09.30"]
[Round "1"]
[White "Plachetka, Jan"]
[Black "Vojtek, Vladimir"]
[Result "1-0"]
[WhiteElo "2337"]
[BlackElo "2295"]
[Annotator "NA"]
[PlyCount "67"]
[EventDate "2017.09.30"]
[EventType "team-tourn"]
[EventCountry "SVK"]
[SourceTitle "playchess.com"]
[Source "ChessBase"]
[SourceQuality "1"]
[TimeControl "40/5400+30:1800+30"]

1. e4 {[%emt 0:00:00]} d5 {[%emt 0:00:15]} 2. exd5 {[%emt 0:00:00]} Qxd5 {[%emt 0:00:04]} 3. Nf3 {[%emt 0:00:37]} Bg4 {[%emt 0:01:32]} 4. Be2 {[%emt 0:00:13]} Nc6 {[%emt 0:00:55]} 5. Nc3 {[%emt 0:00:49]} Qd7 {[%emt 0:01:54]} 6. h3 {[%emt 0:00:27]} Bh5 {[%emt 0:01:06]} 7. O-O {[%emt 0:06:39]} Nf6 {[%emt 0:05:54]} 8. b4 {[%emt 0:09:52]} Nxb4 {[%emt 0:18:08]} 9. Ne5 {[%emt 0:06:53]} Qf5 $16 {[%emt 0:10:27]} (9... Qd4 $11 {remains equal.} 10. Bxh5 Qxe5) 10. d4 {[%emt 0:08:00]} Bxe2 {[%emt 0:05:44]} 11. Qxe2 {[%emt 0:00:08]} c6 {[%emt 0:02:14]} 12. Rb1 {[%emt 0:04:22]} e6 {[%emt 0:22:02]} 13. Rxb4 {[%emt 0:07:03]} Bxb4 {[%emt 0:00:08]} 14. g4 {[%emt 0:00:09]} Nxg4 {[%emt 0:00:07]} 15. hxg4 {[%emt 0:00:09]} Qf6 {[%emt 0:00:04]} 16. Ne4 {[%emt 0:06:24]} Qe7 {[%emt 0:00:26]} 17. c3 {[%emt 0:03:34]} Ba5 {[%emt 0:07:54]} 18. Nc4 {[%emt 0:01:54]} Bc7 {[%emt 0:04:03]} 19. Ba3 {[%emt 0:03:48]} Qd7 {[%emt 0:00:33]} 20. Ned6+ {[%emt 0:02:51]} Bxd6 {[%emt 0:02:54]} 21. Nxd6+ {[%emt 0:00:13]} Kd8 {[%emt 0:01:34]} 22. Rb1 {[%emt 0:01:21]} b6 {[%emt 0:03:26]} 23. Re1 {[%emt 0:01:48]} h5 {[%emt 0:03:37]} 24. g5 {[%emt 0:01:36]} h4 {[%emt 0:01:00]} 25. Qf3 {[%emt 0:01:03]} f6 {[%emt 0:03:01]} 26. gxf6 {[%emt 0:01:38]} gxf6 {[%emt 0:00:18]} 27. Qxf6+ {[%emt 0:01:28]} Kc7 {[%emt 0:00:01]} 28. Rxe6 {[%emt 0:01:11]} Rag8+ {[%emt 0:00:17]} 29. Kh2 {[%emt 0:01:02]} Rh7 {[%emt 0:02:05]} 30. Qe5 {[%emt 0:05:07]} Kb8 {[%emt 0:01:45]} 31. Ne8+ {[%emt 0:01:42]} Ka8 {[%emt 0:00:09]} 32. Nf6 {[%emt 0:00:17]} Qf7 {[%emt 0:00:11]} 33. Qe4 {[%emt 0:02:06]} Rc8 {[%emt 0:00:37]} 34. Rxc6 {[%emt 0:01:05]} 1-0

[Event "SVK Extraliga 2017-18"]
[Site "Slovakia"]
[Date "2017.09.30"]
[Round "1"]
[White "Jurcik, Martin"]
[Black "Manik, Mikulas"]
[Result "1/2-1/2"]
[WhiteElo "2319"]
[BlackElo "2419"]
[Annotator "TA"]
[PlyCount "26"]
[EventDate "2017.09.30"]
[EventType "team-tourn"]
[EventCountry "SVK"]
[SourceTitle "playchess.com"]
[Source "ChessBase"]
[SourceQuality "1"]

{[%evp 16,26,30,16,99,94,100,87,86,78,101,95,99]} 1. d4 Nf6 2. c4 g6 3. Nc3 Bg7 4. e4 d6 5. Bd3 O-O 6. Nge2 c5 7. d5 e6 8. Bg5 {[%cal Bc1g5,Bg5h4,Bh4f2][%mdl 32]} h6 {E70: King's Indian: Miscellaneous lines with 4 e4, including 5 Nge2 and 5 Bd3 0-0 6 Nge2} 9. Bh4 {LiveBook: 39 Games} e5 (9... Nbd7 $11) (9... exd5 10. exd5 Nbd7 11. f4 g5 12. Bg3 Ng4 13. O-O gxf4 14. Bxf4 Nde5 15. Bc2 Ng6 16. Qd3 {0-1 (39) Dragun,K (2609)-Adhiban,B (2671) Abu Dhabi 2016}) 10. f3 $16 {White is better.} a6 $146 ({Predecessor:} 10... Nbd7 11. g4 a6 12. a4 Qa5 13. Qd2 Nh7 14. O-O Ndf6 15. h3 Qd8 16. Kg2 Nxe4 17. Nxe4 Qxh4 18. Nxd6 {½-½ (47) Nogly,C (2257)-Penzold,A (2376) Germany 2013}) 11. Qc2 Nbd7 12. a4 Qe8 13. Bf2 Qe7 1/2-1/2

[Event "SVK Extraliga 2017-18"]
[Site "Slovakia"]
[Date "2017.09.30"]
[Round "1"]
[White "Schwarz, Dusan"]
[Black "Varga, Zoltan"]
[Result "1/2-1/2"]
[WhiteElo "2306"]
[BlackElo "2448"]
[Annotator "TA"]
[PlyCount "87"]
[EventDate "2017.09.30"]
[EventType "team-tourn"]
[EventCountry "SVK"]
[SourceTitle "playchess.com"]
[Source "ChessBase"]
[SourceQuality "1"]

{[%evp 16,87,24,10,39,17,20,4,16,0,8,5,0,0,0,0,0,7,20,6,0,8,31,31,32,11,39,50,58,29,30,9,9,9,10,18,11,0,12,12,14,9,28,28,22,25,23,19,19,20,26,19,19,24,30,23,21,15,18,7,21,22,37,39,30,0,0,0,0,0,0,0,0,0]} 1. d4 d5 2. c4 dxc4 3. Nf3 c6 4. e3 Be6 5. Qc2 Nf6 6. Bxc4 {D11: Damengambit (Slawische Verteidigung)} Bxc4 7. Qxc4 Qa5+ 8. Nbd2 e6 9. O-O {LiveBook: 7 Partien} Nbd7 10. b3 Be7 11. Bb2 O-O 12. Qe2 $146 ({Vorgänger:} 12. Rfd1 Rac8 {0-1 (57) Tsekouras,T (2248)-Braun,A (2524) Peristeri 2010}) 12... c5 13. Rfd1 Rac8 14. a3 cxd4 15. Nxd4 Rfd8 16. Rac1 Bf8 17. Nc4 Qa6 18. Kf1 Nc5 19. b4 Nce4 20. Na5 Qxe2+ 21. Kxe2 Nd6 22. f3 Nfe8 23. Rxc8 (23. Ndb3 {with more complications.} b6 24. Nc6 Rd7 25. Nbd4 Rdc7 26. e4) 23... Rxc8 24. Rc1 Rxc1 25. Bxc1 e5 26. Nc2 f6 27. e4 Kf7 28. Be3 b6 29. Nc6 Nc8 $1 30. a4 Ke6 31. Kd3 Bd6 32. b5 Kd7 33. N2b4 Bxb4 34. Nxb4 $11 {[%mdl 4096] Endspiel KLS-KSS} Ne7 35. Bc1 Nc7 36. Kc4 g5 37. Nd3 Nc8 38. Be3 a6 39. bxa6 Nxa6 40. Bxb6 Nxb6+ {Die Stellung ist ausgeglichen.} 41. Kb5 Nxa4 $1 42. Kxa4 Kd6 {[#] Droht ...Sc5+ und aus.} 43. Kb5 Nc7+ 44. Kc4 {Precision: Weiß = 42%, Schwarz = 60%.} 1/2-1/2

[Event "SVK Extraliga 2017-18"]
[Site "Slovakia"]
[Date "2017.09.30"]
[Round "1"]
[White "Kusiak, Matej"]
[Black "Hanko, Pavol"]
[Result "1-0"]
[WhiteElo "2301"]
[BlackElo "2087"]
[Annotator "NA"]
[PlyCount "101"]
[EventDate "2017.09.30"]
[EventType "team-tourn"]
[EventCountry "SVK"]
[SourceTitle "playchess.com"]
[Source "ChessBase"]
[SourceQuality "1"]
[TimeControl "40/5400+30:1800+30"]

1. e4 c5 2. Nf3 e6 3. c4 Nc6 4. Nc3 d6 5. Be2 Nf6 6. d4 cxd4 7. Nxd4 Be7 8. O-O O-O 9. Be3 a6 10. Rc1 Qc7 11. f4 Bd7 12. Bf3 Rac8 13. b3 Qb8 14. a4 Nxd4 15. Qxd4 Bc6 16. a5 Nd7 17. b4 b6 18. axb6 Bf6 19. Qd3 Nxb6 20. Rfd1 Rfd8 21. b5 Ba8 22. Ne2 Na4 23. Qb3 Nc5 24. Qb1 Qb6 25. Nd4 Rb8 26. Qc2 Qc7 27. Rb1 a5 28. Nb3 Na4 29. Nd4 Nc5 30. Nb3 Na4 31. Bd4 Rxb5 32. Bxf6 gxf6 33. h3 Rb4 34. Nd2 Rdb8 35. Rxb4 Rxb4 36. Ra1 Bc6 37. Qd3 Nb2 38. Qc3 e5 39. Kh2 Na4 40. Qd3 Nc5 41. Qe3 Ne6 42. fxe5 dxe5 43. Qh6 Qd8 44. Nf1 Rxc4 45. Ng3 Ng7 46. Ra3 a4 47. Be2 Rb4 48. Rc3 Bb7 49. Bc4 Rb1 50. Nf5 Nxf5 51. exf5 1-0

[Event "SVK Extraliga 2017-18"]
[Site "Slovakia"]
[Date "2017.09.30"]
[Round "1"]
[White "Petran, Peter"]
[Black "Jozefek, Michal"]
[Result "0-1"]
[WhiteElo "2301"]
[BlackElo "2198"]
[Annotator "NA"]
[PlyCount "86"]
[EventDate "2017.09.30"]
[EventType "team-tourn"]
[EventCountry "SVK"]
[SourceTitle "playchess.com"]
[Source "ChessBase"]
[SourceQuality "1"]
[TimeControl "40/5400+30:1800+30"]

1. g3 {[%emt 0:00:20]} c5 {[%emt 0:00:15]} 2. Bg2 {[%emt 0:00:10]} Nf6 {[%emt 0:01:14]} 3. c4 {[%emt 0:00:35]} d5 {[%emt 0:00:00]} 4. cxd5 {[%emt 0:00:04]} Nxd5 {[%emt 0:00:11]} 5. Nc3 {[%emt 0:00:06]} Nc7 {[%emt 0:00:34]} 6. d3 {[%emt 0:00:03]} e5 {[%emt 0:05:09]} 7. Be3 {[%emt 0:00:05]} Nc6 {[%emt 0:03:15] A34: Symmetrical English: 2 Nc3, lines with ...d5} (7... Be7 8. Qb3 Nc6 9. Bxc6+ bxc6 10. Nf3 f6 11. O-O Ne6 12. Rfc1 Bd7 13. Ne4 Rb8 14. Qc2 Nd4 15. Bxd4 cxd4 {½-½ (51) Eljanov,P (2707)-Areshchenko,A (2708) Kiev 2013}) 8. Bxc6+ {[%emt 0:00:06]} bxc6 {[%emt 0:00:09]} 9. Qa4 {[%emt 0:00:10]} Bd7 {[%emt 0:10:48]} 10. Nf3 {[%emt 0:00:08]} f6 $1 {[%emt 0:01:40]} 11. O-O {[%emt 0:00:10]} Ne6 {[%emt 0:04:13]} 12. Qd1 $146 {[%emt 0:05:23]} ({Predecessor:} 12. Nd2 Nd4 13. f3 Be7 14. Nc4 h5 {0-1 (25) Deman,P (1850)-Gomet,F (1950) Paris 2002}) 12... Rb8 {[%emt 0:17:29]} 13. b3 {[%emt 0:00:20]} Nd4 {[%emt 0:04:26]} 14. Ne1 {[%emt 0:05:13]} Bh3 {[%emt 0:03:47]} 15. Ng2 {[%emt 0:00:24]} h5 {[%emt 0:11:12]} 16. Rc1 {[%emt 0:07:58]} Qd7 {[%emt 0:03:38]} 17. f3 {[%emt 0:02:24]} h4 {[%emt 0:05:18]} 18. g4 {[%emt 0:02:11]} c4 {[%emt 0:16:20]} 19. dxc4 {[%emt 0:11:59]} Ba3 {[%emt 0:00:39]} 20. Rb1 {[%emt 0:06:10]} f5 {[%emt 0:00:13]} 21. g5 {[%emt 0:15:31]} Qe7 {[%emt 0:03:22]} 22. Rf2 {[%emt 0:04:55]} Rd8 {[%emt 0:00:22]} 23. Bd2 {[%emt 0:00:40]} Ne6 {[%emt 0:01:15]} 24. Qe1 {[%emt 0:02:38]} (24. Kh1 $17 {was necessary.}) 24... Bc5 {[%emt 0:00:56]} ({Resist} 24... Nxg5 25. Bxg5 Qxg5 26. b4 $17) 25. e3 {[%emt 0:00:29]} Qxg5 {[%emt 0:00:17]} 26. Kh1 {[%emt 0:00:53]} Qh5 {[%emt 0:02:20]} 27. Na4 {[%emt 0:02:47]} Bxg2+ {[%emt 0:01:10]} 28. Kxg2 {[%emt 0:00:38] [#]} Ng5 $11 {[%emt 0:01:50]} ({Black should try} 28... f4 $1 $19 {[%mdl 512]} 29. Nxc5 (29. exf4 Qg6+) 29... Nxc5) 29. h3 {[%emt 0:04:04]} Bd6 {[%emt 0:00:24]} ({Black should play} 29... Be7 $19 30. Ba5 Rd6) 30. Qe2 {[%emt 0:06:04]} Qg6 {[%emt 0:00:40]} 31. Kh1 {[%emt 0:00:27]} e4 {[%emt 0:00:10]} 32. Ba5 {[%emt 0:04:00]} Rd7 {[%emt 0:00:54]} 33. Rg1 {[%emt 0:00:25]} Bg3 {[%emt 0:00:08]} 34. fxe4 {[%emt 0:00:27]} Nxh3 {[%emt 0:01:46]} 35. Rff1 {[%emt 0:07:31]} Nxg1 {[%emt 0:00:07]} 36. Rxg1 {[%emt 0:00:01]} fxe4 {[%emt 0:00:28]} 37. Qg2 {[%emt 0:00:48]} Qf5 {[%emt 0:00:30]} 38. Bb4 {[%emt 0:00:34]} a5 {[%emt 0:00:06]} 39. Rf1 {[%emt 0:02:57]} Qg4 {[%emt 0:00:36]} 40. Bxa5 {[%emt 0:00:40]} Rd1 {[%emt 0:30:51]} 41. Nc3 {[%emt 0:33:49]} h3 {[%emt 0:00:50]} 42. Qg1 {[%emt 0:01:42]} Rxf1 {[%emt 0:00:19]} 43. Qxf1 {[%emt 0:00:02]} Rf8 {[%emt 0:00:08]} 0-1

[Event "SVK Extraliga 2017-18"]
[Site "Slovakia"]
[Date "2017.09.30"]
[Round "1"]
[White "Haring, Viktor"]
[Black "Dovzik, Juri"]
[Result "1-0"]
[WhiteElo "2297"]
[BlackElo "2308"]
[Annotator "NA"]
[PlyCount "55"]
[EventDate "2017.09.30"]
[EventType "team-tourn"]
[EventCountry "SVK"]
[SourceTitle "playchess.com"]
[Source "ChessBase"]
[SourceQuality "1"]
[TimeControl "40/5400+30:1800+30"]

1. e4 {[%emt 0:00:00]} c5 {[%emt 0:00:24]} 2. Nf3 {[%emt 0:00:08]} e6 {[%emt 0:00:32]} 3. d4 {[%emt 0:00:55]} cxd4 {[%emt 0:00:06]} 4. Nxd4 {[%emt 0:00:19]} Nc6 {[%emt 0:00:59]} 5. Nc3 {[%emt 0:01:20]} Qc7 {[%emt 0:00:34]} 6. Be3 {[%emt 0:01:29]} a6 {[%emt 0:01:25]} 7. Qd2 {[%emt 0:05:30]} Nf6 {[%emt 0:01:33]} 8. f3 {[%emt 0:04:18]} Bb4 {[%emt 0:02:06]} 9. O-O-O {[%emt 0:03:31]} Ne7 {[%emt 0:04:02]} 10. Kb1 {[%emt 0:30:55]} Bxc3 {[%emt 0:06:25]} 11. Qxc3 {[%emt 0:00:32]} Qxc3 {[%emt 0:00:08]} 12. bxc3 {[%emt 0:00:10]} d5 {[%emt 0:00:50]} 13. e5 {[%emt 0:01:46]} Nd7 $15 {[%emt 0:00:19]} 14. f4 {[%emt 0:00:18]} b6 {[%emt 0:08:04]} 15. Ka1 {[%emt 0:10:25]} Bb7 {[%emt 0:01:22]} 16. Bd3 {[%emt 0:10:01]} O-O {[%emt 0:25:56]} 17. Rb1 {[%emt 0:14:45]} b5 {[%emt 0:07:02]} 18. Rhf1 {[%emt 0:02:05]} Rfc8 {[%emt 0:00:29]} 19. f5 {[%emt 0:06:15]} Nxe5 {[%emt 0:13:55]} 20. fxe6 {[%emt 0:00:08]} fxe6 {[%emt 0:00:12]} 21. Nxe6 {[%emt 0:01:11]} Nxd3 {[%emt 0:10:16]} 22. cxd3 {[%emt 0:00:07]} Rxc3 {[%emt 0:00:27]} 23. Nc5 {[%emt 0:02:22]} Bc6 {[%emt 0:09:43]} 24. Kb2 {[%emt 0:00:17]} b4 {[%emt 0:00:32]} 25. Bd4 {[%emt 0:00:13]} Ra3 {[%emt 0:00:29]} 26. Rbe1 {[%emt 0:00:19]} Ng6 {[%emt 0:00:11]} 27. h4 {[%emt 0:01:17]} Nxh4 {[%emt 0:00:11]} 28. Re7 {[%emt 0:00:23]} 1-0

[Event "SVK Extraliga 2017-18"]
[Site "Slovakia"]
[Date "2017.09.30"]
[Round "1"]
[White "Kantorik, Marian"]
[Black "Jacko, Vladimir"]
[Result "1-0"]
[WhiteElo "2293"]
[BlackElo "2310"]
[Annotator "NA"]
[PlyCount "70"]
[EventDate "2017.09.30"]
[EventType "team-tourn"]
[EventCountry "SVK"]
[SourceTitle "playchess.com"]
[Source "ChessBase"]
[SourceQuality "1"]
[TimeControl "40/5400+30:1800+30"]

1. d4 e6 2. c4 c5 3. d5 exd5 4. cxd5 d6 5. Nc3 g6 6. e4 Bg7 7. Nf3 Nf6 8. h3 O-O 9. Bd3 b5 10. Bxb5 Nxe4 11. Nxe4 Qa5+ 12. Nfd2 Qxb5 13. Nxd6 Qb4 14. O-O Ba6 15. Re1 Nd7 16. Re4 Qb8 17. N2c4 Nf6 18. Rh4 Rd8 19. Bf4 g5 20. Bxg5 Rxd6 21. Nxd6 Qxd6 22. Qc2 h6 23. Bxh6 Qxd5 24. Rd1 Qe5 25. Bxg7 Kxg7 26. Qd2 Ng8 27. Re1 Qf6 28. Rg4+ Kf8 29. Qe3 Rc8 30. Qe4 Nh6 31. Rf4 Qg5 32. h4 Qg7 33. Re3 f5 34. Qe6 Bb7 35. Rg3 Re8 1-0

[Event "SVK Extraliga 2017-18"]
[Site "Slovakia"]
[Date "2017.09.30"]
[Round "1"]
[White "Cibickova, Zuzana"]
[Black "Pinter, Erik"]
[Result "1/2-1/2"]
[WhiteElo "2284"]
[BlackElo "2393"]
[Annotator "NA"]
[PlyCount "99"]
[EventDate "2017.09.30"]
[EventType "team-tourn"]
[EventCountry "SVK"]
[SourceTitle "playchess.com"]
[Source "ChessBase"]
[SourceQuality "1"]
[TimeControl "40/5400+30:1800+30"]

1. e4 {[%emt 0:00:00]} c5 {[%emt 0:00:09]} 2. Nf3 {[%emt 0:00:00]} Nc6 {[%emt 0:00:17]} 3. d4 {[%emt 0:00:26]} cxd4 {[%emt 0:00:07]} 4. Nxd4 {[%emt 0:00:05]} g6 {[%emt 0:03:47]} 5. Nc3 {[%emt 0:04:50]} Bg7 {[%emt 0:02:15]} 6. Be3 {[%emt 0:00:10]} Nf6 {[%emt 0:00:08]} 7. Bc4 {[%emt 0:00:42]} O-O {[%emt 0:00:25]} 8. Bb3 {[%emt 0:02:30]} d6 {[%emt 0:06:57]} 9. f3 {[%emt 0:00:37]} Bd7 {[%emt 0:00:09]} 10. Qd2 {[%emt 0:00:19]} Nxd4 {[%emt 0:01:49]} 11. Bxd4 {[%emt 0:00:07]} b5 {[%emt 0:00:09]} 12. a4 {[%emt 0:01:37]} bxa4 {[%emt 0:01:31] B77: Sicilian Dragon: Yugoslav Attack, 9 Bc4 sidelines} (12... b4 13. Nd5 Nxd5 14. Bxg7 Kxg7 15. exd5 Qb6 16. h4 h5 17. O-O-O Qa5 18. g4 Bxa4 19. Kb1 Bxb3 20. cxb3 {0-1 (33) Vachier Lagrave,M (2796)-Giri,A (2771) Stavanger 2017}) 13. Bxa4 {[%emt 0:00:16]} a5 {[%emt 0:09:49]} 14. O-O {[%emt 0:07:41] LiveBook: 6 Games} Be6 {[%emt 0:05:44]} 15. Nd5 $146 {[%emt 0:16:22]} ({Predecessor:} 15. Nd1 Qc7 16. Ne3 Rfc8 17. Bb5 Qb7 18. c4 Bd7 19. Bxd7 Nxd7 20. Nd5 Bf8 21. Rxa5 Rxa5 22. Qxa5 Rxc4 23. Bc3 e6 24. Ne3 Rc8 25. Rd1 Qb6 26. Qxb6 Nxb6 27. Bd4 {½-½ (27) Nigmatov,O (2331)-Ali,M (2423) Tashkent 2017}) 15... Nd7 {[%emt 0:09:37]} 16. Bxg7 {[%emt 0:25:28]} Kxg7 {[%emt 0:00:19]} 17. Bxd7 {[%emt 0:10:43]} Bxd7 {[%emt 0:01:34]} 18. Qd4+ {[%emt 0:01:51]} e5 $1 {[%emt 0:18:46]} 19. Qb6 {[%emt 0:03:51]} Be6 {[%emt 0:01:24]} 20. Nc7 {[%emt 0:04:02]} Rb8 {[%emt 0:12:28]} 21. Nxe6+ {[%emt 0:01:22]} fxe6 {[%emt 0:00:08]} 22. Qxd8 {[%emt 0:01:38]} Rfxd8 {[%emt 0:00:12]} 23. Rxa5 {[%emt 0:04:05]} Rxb2 {[%emt 0:00:23]} 24. Ra7+ {[%emt 0:00:04]} Kf6 {[%emt 0:01:51]} 25. Rxh7 {[%emt 0:02:53]} Rxc2 {[%emt 0:00:36]} 26. h4 {[%emt 0:00:42]} Rg8 {[%emt 0:14:19]} 27. g4 {[%emt 0:03:27]} g5 {[%emt 0:03:36]} 28. Rh6+ {[%emt 0:02:14]} Kf7 {[%emt 0:00:38]} 29. hxg5 {[%emt 0:00:47]} Rxg5 {[%emt 0:00:26]} 30. Ra1 {[%emt 0:02:24]} Rg6 {[%emt 0:00:33]} 31. Rxg6 {[%emt 0:03:29]} Kxg6 {[%emt 0:00:08]} 32. Rd1 {[%emt 0:00:03]} Rc6 {[%emt 0:03:13]} 33. Kf2 {[%emt 0:01:03]} Rb6 {[%emt 0:00:14]} 34. Rd3 {[%emt 0:00:18]} Rc6 {[%emt 0:00:05]} 35. Kg3 {[%emt 0:00:23]} Rb6 {[%emt 0:00:47]} 36. Rd2 {[%emt 0:00:05]} Rc6 {[%emt 0:00:13]} 37. Kf2 {[%emt 0:00:42]} Rb6 {[%emt 0:00:09]} 38. Ke3 {[%emt 0:00:03]} Rc6 {[%emt 0:00:07]} 39. Rd3 {[%emt 0:00:09]} Rb6 {[%emt 0:00:13]} 40. Kf2 {[%emt 0:00:29]} Rc6 {[%emt 0:30:16]} 41. Kg3 {[%emt 0:07:57]} Rb6 {[%emt 0:00:00]} 42. Kh4 {[%emt 0:02:54]} Rc6 {[%emt 0:00:00]} 43. Kh3 {[%emt 0:19:20]} Rb6 $11 {[%emt 0:00:00]} 44. Kh4 {[%emt 0:00:20]} Rc6 {[%emt 0:00:00]} 45. Kg3 {[%emt 0:01:29]} Kg5 {[%emt 0:00:00]} 46. Rd2 {[%emt 0:00:19]} Kg6 {[%emt 0:00:00]} 47. Kh4 {[%emt 0:01:10]} Rb6 {[%emt 0:00:00]} 48. Rd1 {[%emt 0:01:10]} Rc6 {[%emt 0:00:00]} 49. Rd2 {[%emt 0:01:09]} Rb6 {[%emt 0:00:00]} 50. Rd1 {[%emt 0:00:37]} 1/2-1/2

[Event "SVK Extraliga 2017-18"]
[Site "Slovakia"]
[Date "2017.09.30"]
[Round "1"]
[White "Federic, Jozef"]
[Black "Meszaros, Michal"]
[Result "1/2-1/2"]
[WhiteElo "2271"]
[BlackElo "2362"]
[Annotator "NA"]
[PlyCount "58"]
[EventDate "2017.09.30"]
[EventType "team-tourn"]
[EventCountry "SVK"]
[SourceTitle "playchess.com"]
[Source "ChessBase"]
[SourceQuality "1"]
[TimeControl "40/5400+30:1800+30"]

1. d4 {[%emt 0:00:00]} Nf6 {[%emt 0:02:09]} 2. Nf3 {[%emt 0:00:54]} d5 {[%emt 0:02:16]} 3. c4 {[%emt 0:02:16]} dxc4 {[%emt 0:00:32]} 4. e3 {[%emt 0:00:21]} a6 {[%emt 0:00:39] D25: Queen's Gambit Accepted: 4 e3: sidelines and 4...Bg4} (4... e6 5. Bxc4 c5 6. O-O a6 7. dxc5 Qxd1 8. Rxd1 Bxc5 9. Be2 Nbd7 10. Nfd2 b6 11. Nb3 Be7 12. f3 Nc5 13. Nd4 Bb7 14. e4 O-O 15. Be3 b5 16. Nc3 g6 17. Rac1 {½-½ (70) Grischuk,A (2783)-Navara,D (2737) Tbilisi 2017}) 5. Bxc4 {[%emt 0:02:53]} Nc6 {[%emt 0:00:13]} 6. O-O {[%emt 0:02:24]} Bg4 {[%emt 0:00:50]} 7. Be2 {[%emt 0:04:26]} e6 {[%emt 0:00:23]} 8. Nc3 {[%emt 0:03:46]} Bd6 {[%emt 0:00:25]} 9. b3 {[%emt 0:14:18]} O-O {[%emt 0:00:23]} 10. Bb2 {[%emt 0:00:16]} Re8 {[%emt 0:04:55]} 11. Rc1 $146 {[%emt 0:09:51]} ({Predecessor:} 11. Nd2 Bxe2 12. Qxe2 e5 13. d5 Ne7 14. Rfd1 Bb4 15. e4 Ng6 {1-0 (48) Noe,C (2225)-Lerch,P (2096) Oberhof 2012}) 11... Qe7 {[%emt 0:02:41]} 12. Ne5 {[%emt 0:06:20]} Bxe2 {[%emt 0:14:19]} 13. Nxe2 {[%emt 0:08:21]} Nb4 {[%emt 0:19:41]} (13... Bxe5 $5 14. dxe5 Ng4 $11) 14. a3 {[%emt 0:04:42]} Nbd5 {[%emt 0:00:03]} 15. Nc4 {[%emt 0:05:42]} b5 {[%emt 0:11:25]} 16. Nxd6 {[%emt 0:00:37]} cxd6 {[%emt 0:00:34]} 17. Qd3 {[%emt 0:01:07]} Qb7 {[%emt 0:05:30]} 18. Rc2 {[%emt 0:04:42]} Rac8 {[%emt 0:03:38]} 19. Rfc1 {[%emt 0:00:12]} Ne7 {[%emt 0:02:49]} 20. Bc3 {[%emt 0:01:55]} Rc6 {[%emt 0:10:21]} 21. Be1 {[%emt 0:02:09]} Rec8 {[%emt 0:00:26]} 22. f3 {[%emt 0:01:09]} Rxc2 {[%emt 0:02:45]} 23. Rxc2 {[%emt 0:00:25]} Rxc2 {[%emt 0:00:06]} 24. Qxc2 {[%emt 0:00:04]} Qc6 {[%emt 0:00:55]} 25. Qxc6 {[%emt 0:00:19]} Nxc6 {[%emt 0:00:02]} 26. Kf2 {[%emt 0:03:37]} d5 {[%emt 0:01:08]} 27. Nc1 {[%emt 0:00:21]} Kf8 {[%emt 0:02:42]} 28. Nd3 {[%emt 0:00:31]} Nd7 {[%emt 0:00:24]} 29. Ke2 {[%emt 0:00:37]} Ke7 $11 {[%emt 0:00:50]} 1/2-1/2

[Event "SVK Extraliga 2017-18"]
[Site "Slovakia"]
[Date "2017.09.30"]
[Round "1"]
[White "Karas, Marek"]
[Black "Polak, Tomas"]
[Result "0-1"]
[WhiteElo "2251"]
[BlackElo "2513"]
[Annotator "TA"]
[PlyCount "90"]
[EventDate "2017.09.30"]
[EventType "team-tourn"]
[EventCountry "SVK"]
[SourceTitle "playchess.com"]
[Source "ChessBase"]
[SourceQuality "1"]

{[%evp 14,90,84,-16,0,0,14,7,0,-14,6,0,-3,-39,-26,-21,-25,-24,15,-26,15,27,56,41,52,24,41,41,48,0,20,7,39,0,9,7,8,0,10,0,0,-90,10,-84,14,-121,17,-39,-39,-70,-74,-273,-272,-269,-264,-332,-304,-326,-321,-383,-383,-434,-425,-518,-491,-486,-525,-522,-520,-475,-495,-521,-518,-517,-476,-542,-526,-29971,-29969]} 1. d4 Nf6 2. Bf4 e6 3. Nf3 c5 4. e3 Nc6 5. c3 Qb6 6. Qb3 {A46: 1 d4 Nf6 2 Nf3 e6: Torre, London and Colle Systems} Qxb3 (6... d5 7. Nbd2 c4 8. Qxb6 axb6 9. a3 b5 10. Rc1 Nh5 11. Bc7 Kd7 12. Bg3 f6 13. Be2 Nxg3 14. hxg3 Kc7 15. e4 {½-½ (41) Duran Vega,S (2408)-Bruzon Batista,L (2652) San Salvador 2017}) 7. axb3 Nh5 8. Bg5 {LiveBook: 4 Games} (8. Bc7 $16) 8... f6 $146 ({Predecessor:} 8... h6 9. Bh4 g5 10. Bg3 Nxg3 11. hxg3 cxd4 12. exd4 Bg7 13. Nbd2 {½-½ (109) Ladva,O (2423)-Lagarde,M (2550) Berlin 2015}) 9. Bh4 g5 10. Bg3 $1 d5 11. Bd3 Bd7 12. Nbd2 g4 13. Nh4 cxd4 14. exd4 f5 {Strongly threatening ...f4.} 15. f3 Rg8 16. fxg4 Rxg4 17. Bf2 Nf6 18. Be2 Rg8 19. g3 Bd6 20. Ng2 Ne7 21. O-O-O O-O-O (21... Ng4 {is interesting.} 22. Rdf1 a5 23. Nf4 Kd8 24. Bg1 Kc7) 22. Kb1 Ne4 23. Nxe4 dxe4 24. Be3 Nd5 25. Bc1 Bc6 26. c4 Nb4 27. Nf4 (27. Be3 $11 {keeps the balance.}) 27... Rde8 (27... Bxf4 $17 28. Bxf4 e3 $1 {[%mdl 512]} 29. Bxe3 Be4+ 30. Kc1 Nc2) 28. Nh5 (28. Be3 $11 {remains equal.}) 28... Be7 ({Black should try} 28... e3 $1 $17 29. Nf6 Be7) 29. Bf4 {[#]} (29. Be3 $11) 29... Nd3 (29... e3 $1 $17 {[%mdl 512] Threatens to win with ...Be4+.} 30. Rhf1 (30. Bxe3 Be4+) 30... Bg2) 30. Bxd3 (30. Rhf1 $11) 30... exd3 $15 31. Rhf1 Bg2 $1 32. Rf2 $2 {[#]} (32. Be5 $17) 32... Bh3 $1 $19 33. Rxd3 Bg4 34. d5 {next d6 is good for White.} Bd8 ({And not} 34... Bxh5 35. d6 $14) 35. dxe6 Rxe6 ({Don't do} 35... Bxh5 36. Rd6) 36. Be3 {Nf4 is the strong threat.} Bxh5 37. Bxa7 {[#]} f4 $1 38. Rd5 (38. Rxf4 Bg6) 38... Bg6+ 39. Kc1 fxg3 40. hxg3 b6 41. c5 Be4 42. Rxd8+ Rxd8 43. Bxb6 Rd3 44. Rf8+ Kb7 45. b4 Bg6 {Precision: White = 28%, Black = 41%.} 0-1